• 首页
  • 本馆介绍
  • 公告通知
  • 最新文献
  • 馆藏检索
  • 电子资源
  • 读者导购
  • 参考咨询
  • 我的图书馆
  • 登录
  • 详细信息显示
  • 放入我的书架
  • 预约/预借图书
  • 作者相关作品
  • 分类相关作品
  • 丛书相关作品
  • 出版社相关作品

书目信息

  • 表格格式
  • 工作单格式
  • 卡片格式
题名:
工程质量监理
    
 
作者: 李宇峙 , 秦仁杰 主编
分册:  
出版信息: 北京   人民交通出版社  2013.6
页数: 522页
开本: 26cm
丛书名:
单 册:
中图分类: U415.12
科图分类:
主题词: 道路工程--dao lu gong cheng--工程质量--监管制度--技术教育--教材 , 道路工程--dao lu gong cheng , 工程质量--gong cheng zhi liang , 监管制度--jian guan zhi du
电子资源:
ISBN: 978-7-114-10687-3
000 01129nam0 2200313 450
001 2161455574
005 20211003083805.47
010    @a978-7-114-10687-3@dCNY66.00
100    @a20140429d2013 em y0chiy50 ea
101 0  @achi
102    @aCN@b110000
105    @ay z 000yy
106    @ar
200 1  @a工程质量监理@Agong cheng zhi liang jian li@f李宇峙,秦仁杰主编
205    @a3版
210    @a北京@c人民交通出版社@d2013.6
215    @a522页@d26cm
300    @a公路工程监理培训用书
304    @a中国交通建设监理协会组织编写
330    @a本书内容包括绪论、数理统计基础及应用、路基工程施工质量监理、路面工程施工质量监理、桥梁工程施工质量监理、隧道工程施工质量监理、交通安全设施的质量监理、机电工程质量监理。
606 0  @a道路工程@Adao lu gong cheng@x工程质量@x监管制度@x技术教育@j教材
606 0  @a道路工程@Adao lu gong cheng
606 0  @a工程质量@Agong cheng zhi liang
606 0  @a监管制度@Ajian guan zhi du
690    @aU415.12@v5
701  0 @a李宇峙@Ali yu shi@4主编
701  0 @a秦仁杰@Aqin ren jie@c(公路环境)@4主编
801  0 @aCN@b百万庄@c20210929
905    @b1302694-97@dU415.12@e1000=3@f4
    
    工程质量监理/李宇峙,秦仁杰主编.-3版.-北京:人民交通出版社,2013.6
    522页;26cm
    公路工程监理培训用书
    
    ISBN 978-7-114-10687-3:CNY66.00
    本书内容包括绪论、数理统计基础及应用、路基工程施工质量监理、路面工程施工质量监理、桥梁工程施工质量监理、隧道工程施工质量监理、交通安全设施的质量监理、机电工程质量监理。
●
相关链接 在E读中查询图书 在五车中查询图书 在当当中查询图书 在豆瓣中查询图书


正题名:工程质量监理     索取号:U415.12/1000=3         预约/预借

序号 登录号 条形码 馆藏地/架位号 状态 备注
1 1302694   213026946   第二样本阅览室/ [索取号:U415.12/1000=3] 在馆    
2 1302695   213026955   第三借阅区/ [索取号:U415.12/1000=3] 在馆    
3 1302696   213026964   第三借阅区/ [索取号:U415.12/1000=3] 在馆    
4 1302697   213026973   第三借阅区/ [索取号:U415.12/1000=3] 在馆    
唐山师范学院图书馆 欢迎您!
大连网信软件有限公司© 版权所有